[Event "Fajr op 25th"]
[Site "Sareyn"]
[Date "2017.01.29"]
[Round "2"]
[White "Mosadeghpour, Masoud"]
[Black "Feyli, Sina"]
[Result "1/2-1/2"]
[WhiteElo "2478"]
[BlackElo "2258"]
[PlyCount "142"]
[EventDate "2017.01.28"]
[EventType "swiss"]
[EventRounds "11"]
[EventCountry "IRI"]
[SourceTitle "CBM 176 Extra"]
[Source "ChessBase"]
[SourceDate "2017.03.02"]
[SourceVersion "1"]
[SourceVersionDate "2017.03.02"]
[SourceQuality "1"]

1. e4 c5 2. Nf3 d6 3. d4 cxd4 4. Nxd4 Nf6 5. Nc3 a6 6. Bg5 e6 7. Qe2 Be7 8. 0-0-0 Nxe4 9. Bxe7 Nxc3 10. Bxd8 Nxe2+ 11. Nxe2 Kxd8 12. Rxd6+ Ke7 13. Rd3 Bd7 14. Nc3 Nc6 15. Be2 Rad8 16. Rg3 g6 17. Bf3 b5 18. Re1 Nd4 19. Bb7 Bc8 20. Bxc8 Rxc8 21. Nd5+ Kd6 22. Nc3 Rhd8 23. Rd3 Ke7 24. Red1 Nc6 25. a4 Rxd3 26. Rxd3 b4 27. Nd1 Ne5 28. Rd4 a5 29. Ne3 Rc5 30. Kd2 Nc6 31. Rc4 Kd6 32. c3 Rxc4 33. Nxc4+ Kc5 34. b3 e5 35. Nb2 e4 36. Nc4 f5 37. g3 g5 38. Ne3 f4 39. Nc4 bxc3+ 40. Kxc3 Kd5 41. Nb6+ Ke5 42. Kc4 Kf5 43. Nd5 Ne5+ 44. Kc3 Nc6 45. Kd2 Kg4 46. gxf4 gxf4 47. Nb6 Kf3 48. Ke1 Nd4 49. Nc4 Nxb3 50. h4 e3 51. fxe3 fxe3 52. h5 Nd4 53. Ne5+ Ke4 54. Nc4 e2 55. h6 Kd3 56. Ne5+ Kc3 57. Ng4 Kd3 58. Ne5+ Ke3 59. Nc4+ Ke4 60. Kd2 Kf3 61. Ne5+ Kf2 62. Ng4+ Kf1 63. Ne3+ Kf2 64. Ng4+ Kf3 65. Ne5+ Kf4 66. Nc4 Ke4 67. Ke1 Kd3 68. Ne5+ Kc3 69. Ng4 Kc2 70. Ne5 Kb3 71. Ng4 Kc3 1/2-1/2

[Event "Rasht Khazar op 15th"]
[Site "Rasht"]
[Date "2017.01.21"]
[Round "2"]
[White "Feyli, Sina"]
[Black "Mosadeghpour, Masoud"]
[Result "1-0"]
[WhiteElo "2258"]
[BlackElo "2478"]
[PlyCount "112"]
[EventDate "2017.01.20"]
[EventType "swiss"]
[EventRounds "9"]
[EventCountry "IRI"]
[SourceTitle "CBM 176 Extra"]
[Source "ChessBase"]
[SourceDate "2017.03.02"]
[SourceVersion "1"]
[SourceVersionDate "2017.03.02"]
[SourceQuality "1"]

1. d4 Nf6 2. c4 c5 3. d5 e6 4. Nc3 exd5 5. cxd5 d6 6. Nf3 g6 7. Nd2 Nbd7 8. e4 Bg7 9. Be2 0-0 10. 0-0 a6 11. a4 Rb8 12. Re1 Ne8 13. f4 b6 14. Nc4 Qc7 15. Na3 Nef6 16. Bc4 Re8 17. h3 Bb7 18. Qd3 Re7 19. Bd2 Rbe8 20. Re2 Nh5 21. Rae1 g5 22. g3 Kh8 23. Qf3 Nhf6 24. Kh2 Nf8 25. Qd3 Ng6 26. e5 Nd7 27. e6 Ndf8 28. f5 Ne5 29. Rxe5 Bxe5 30. Bxg5 fxe6 31. Bxe7 Rxe7 32. dxe6 d5 33. Nxd5 Bxd5 34. Bxd5 Rg7 35. Re3 h5 36. h4 Nh7 37. Nc4 Bd4 38. e7 Rxe7 39. Rxe7 Qxe7 40. Be6 Nf6 41. Qf3 Qd8 42. Qf4 Ng4+ 43. Kh3 Qa8 44. Qf1 Nf2+ 45. Kh2 b5 46. axb5 axb5 47. Nd6 b4 48. f6 Qc6 49. Nf7+ Kh7 50. Ng5+ Kg6 51. f7 Kg7 52. Qb1 Qa8 53. Qh7+ Kf6 54. Qf5+ Ke7 55. Bd5 Ng4+ 56. Kh3 Qf8 1-0

[Event "IRI Cities-chT"]
[Site "Esfahan"]
[Date "2016.05.11"]
[Round "1.1"]
[White "Feyli, Sina"]
[Black "Hashemi, Amir Erfan"]
[Result "1-0"]
[WhiteElo "2213"]
[BlackElo "1676"]
[PlyCount "67"]
[EventDate "2016.05.11"]
[EventType "team-swiss"]
[EventRounds "7"]
[EventCountry "IRI"]
[SourceTitle "CBM 172 Extra"]
[Source "ChessBase"]
[SourceDate "2016.06.21"]
[SourceVersion "1"]
[SourceVersionDate "2016.06.21"]
[SourceQuality "1"]
[WhiteTeam "Shiraz Darya Borj"]
[BlackTeam "Hamedan"]
[WhiteTeamCountry "IRI"]
[BlackTeamCountry "IRI"]

1. d4 Nf6 2. c4 c5 3. d5 e6 4. Nc3 exd5 5. cxd5 d6 6. Nf3 g6 7. Bf4 Bg7 8. h3 0-0 9. e3 a6 10. a4 Bf5 11. Nd2 Re8 12. Be2 Ne4 13. Ndxe4 Bxe4 14. 0-0 g5 15. Bh2 Bg6 16. Qb3 Qc7 17. Rae1 Nd7 18. f4 f5 19. Bd3 Rac8 20. Qc2 gxf4 21. Bxf4 Ne5 22. Bxf5 Bxf5 23. Qxf5 Rf8 24. Qe6+ Kh8 25. Ne4 Rcd8 26. Ng5 Rf6 27. Bxe5 Rxe6 28. Nxe6 Qa5 29. Bxg7+ Kg8 30. Bc3 Qb6 31. a5 Qb3 32. Nxd8 Qxd5 33. Rf6 Qg5 34. Ne6 1-0

[Event "Hamadan Iran op 11th"]
[Site "Hamadan"]
[Date "2012.07.16"]
[Round "8"]
[White "Feyli, Sina"]
[Black "Noroozi, Omid"]
[Result "0-1"]
[WhiteElo "2202"]
[BlackElo "2348"]
[PlyCount "76"]
[EventDate "2012.07.11"]
[EventType "swiss"]
[EventRounds "11"]
[EventCountry "IRI"]
[SourceTitle "CBM 149 Extra"]
[Source "ChessBase"]
[SourceDate "2012.08.24"]
[SourceVersion "1"]
[SourceVersionDate "2012.08.24"]
[SourceQuality "1"]

1. d4 d5 2. c4 e6 3. Nc3 Nf6 4. cxd5 exd5 5. Bg5 c6 6. e3 Qb6 7. Qd2 Ne4 8. Nxe4 dxe4 9. Ne2 Be6 10. Nc3 f5 11. Be2 c5 12. d5 Bf7 13. 0-0 Bd6 14. f3 h6 15. Bh4 exf3 16. Rxf3 g6 17. e4 g5 18. Rxf5 Bg6 19. Bf2 Bxf5 20. Bh5+ Kd8 21. exf5 Nd7 22. Re1 Be5 23. Kh1 Rf8 24. Bg6 a6 25. Na4 Qd6 26. Nc3 Rc8 27. Ne4 Qb6 28. d6 Bd4 29. Bg3 Qxb2 30. Qd1 c4 31. f6 Bxf6 32. Nxf6 Qxf6 33. Be4 c3 34. h3 Rc4 35. Qd5 Rb4 36. Qa5+ Rb6 37. Rc1 Qd4 38. Qxc3 Rf1+ 0-1

[Event "Hamadan Iran op 11th"]
[Site "Hamadan"]
[Date "2012.07.15"]
[Round "7"]
[White "Feyli, Sina"]
[Black "Manochehri, Hamed"]
[Result "1-0"]
[WhiteElo "2202"]
[BlackElo "2126"]
[PlyCount "99"]
[EventDate "2012.07.11"]
[EventType "swiss"]
[EventRounds "11"]
[EventCountry "IRI"]
[SourceTitle "CBM 149 Extra"]
[Source "ChessBase"]
[SourceDate "2012.08.24"]
[SourceVersion "1"]
[SourceVersionDate "2012.08.24"]
[SourceQuality "1"]

1. d4 Nf6 2. c4 e6 3. Nc3 d5 4. cxd5 exd5 5. Bg5 Be7 6. e3 0-0 7. Bd3 h6 8. Bh4 b6 9. Nf3 Bb7 10. 0-0 Ne4 11. Bxe7 Qxe7 12. Bxe4 dxe4 13. Ne5 Nd7 14. Nxd7 Qxd7 15. Qa4 Qxa4 16. Nxa4 f5 17. Rfc1 Rf7 18. Rc2 Kf8 19. Rac1 c6 20. b3 Rd7 21. Nb2 Rc8 22. b4 Rd5 23. Nc4 Ke7 24. a4 g5 25. h4 gxh4 26. Kh2 Ke6 27. Kh3 Rg8 28. Ne5 Rxe5 29. dxe5 Kxe5 30. Rd2 Rg6 31. Rd7 Bc8 32. Rc7 Be6 33. Kh2 Bd5 34. Rxa7 f4 35. exf4+ Kxf4 36. Re7 Rg5 37. a5 bxa5 38. bxa5 h3 39. gxh3 Kf3 40. Rg1 Kxf2 41. Rxg5 hxg5 42. a6 e3 43. a7 c5 44. Re5 Ba8 45. Rf5+ Ke1 46. Rxc5 e2 47. Rxg5 Kf2 48. Rf5+ Ke3 49. Re5+ Kf2 50. h4 1-0

[Event "Hamadan Iran op 11th"]
[Site "Hamadan"]
[Date "2012.07.14"]
[Round "5"]
[White "Feyli, Sina"]
[Black "Rezaei Kheirabadi, Changiz"]
[Result "1-0"]
[WhiteElo "2202"]
[BlackElo "2023"]
[PlyCount "117"]
[EventDate "2012.07.11"]
[EventType "swiss"]
[EventRounds "11"]
[EventCountry "IRI"]
[SourceTitle "CBM 149 Extra"]
[Source "ChessBase"]
[SourceDate "2012.08.24"]
[SourceVersion "1"]
[SourceVersionDate "2012.08.24"]
[SourceQuality "1"]

1. d4 Nf6 2. c4 e6 3. Nc3 Bb4 4. Qc2 c5 5. dxc5 0-0 6. a3 Bxc5 7. Nf3 Nc6 8. Bg5 h6 9. Bh4 Nd4 10. Nxd4 Bxd4 11. e3 Bc5 12. Be2 Be7 13. 0-0 a6 14. Rfd1 b6 15. Bf3 Ra7 16. Qa4 Rc7 17. Rd2 Rc5 18. Bg3 d5 19. cxd5 exd5 20. Rad1 b5 21. Qb3 Be6 22. Nxd5 Nxd5 23. Bxd5 Bxd5 24. Rxd5 Rxd5 25. Rxd5 Qc8 26. Be5 Qe6 27. h3 Bf6 28. Bxf6 Qxf6 29. Qc2 g6 30. Qd2 Re8 31. Qd4 Qxd4 32. Rxd4 Rc8 33. Rd2 Rc1+ 34. Kh2 Kf8 35. Kg3 Ke7 36. Kf4 Ke6 37. e4 Rc6 38. h4 Rc5 39. f3 Ke7 40. g3 Ke6 41. Rd8 Rc2 42. Ra8 Rxb2 43. Rxa6+ Ke7 44. h5 g5+ 45. Kg4 f6 46. e5 fxe5 47. Rxh6 Rb3 48. Rb6 Rxa3 49. Rxb5 Kf6 50. Rb6+ Kf7 51. Rg6 Ra4+ 52. Kxg5 Ra3 53. Rf6+ Kg7 54. h6+ Kh7 55. g4 Rb3 56. Rf7+ Kg8 57. Rf5 Ra3 58. Kh5 e4 59. fxe4 1-0

[Event "Rasht Khazar op 10th"]
[Site "Rasht"]
[Date "2012.03.04"]
[Round "7"]
[White "Feyli, Sina"]
[Black "Golizadeh, Asghar"]
[Result "0-1"]
[WhiteElo "2172"]
[BlackElo "2463"]
[PlyCount "43"]
[EventDate "2012.02.29"]
[EventType "swiss"]
[EventRounds "11"]
[EventCountry "IRI"]
[SourceTitle "CBM 147 Extra"]
[Source "ChessBase"]
[SourceDate "2012.04.24"]
[SourceVersion "1"]
[SourceVersionDate "2012.04.24"]
[SourceQuality "1"]

1. d4 Nf6 2. c4 e6 3. Nf3 Bb4+ 4. Bd2 Qe7 5. g3 Nc6 6. Nc3 Bxc3 7. Bxc3 Ne4 8. Qc2 Nxc3 9. Qxc3 0-0 10. Bg2 d6 11. d5 Nb8 12. dxe6 fxe6 13. c5 e5 14. 0-0 Nc6 15. cxd6 cxd6 16. b4 a6 17. a4 a5 18. b5 Nb4 19. Rac1 Be6 20. Rfd1 Rfd8 21. Qe3 h6 22. Nh4 0-1